LEADER 01001nam0-2200349---450- 001 990009112810403321 005 20091105104459.0 010 $a88-14-12675-5 035 $a000911281 035 $aFED01000911281 035 $a(Aleph)000911281FED01 035 $a000911281 100 $a20091105d2008----km-y0itay50------ba 101 0 $aita 102 $aIT 105 $ay---n---001yy 200 1 $aCodice di procedura penale$fa cura di Giovanni Tranchina 210 $aMilano$cGiuffrè$d©2008 215 $aXXVI, 6310 p.$d24 cm 225 1 $a<>fonti del diritto italiano 327 1 $a1.: Artt. 1-437$a2.: Artt. 438-746 676 $a345.450502638$v21$zita 702 1$aTranchina,$bGiovanni 710 01$aItalia$0423419 801 0$aIT$bUNINA$gRICA$2UNIMARC 901 $aBK 912 $a990009112810403321 952 $aXVIII 198 (15.1)$b52706*$fFGBC 952 $aXVIII 198 (15.2)$b52706*$fFGBC 959 $aFGBC 996 $aCodice di procedura penale$9200118 997 $aUNINA LEADER 01042nam0-22003371i-450 001 990007853730403321 005 20240930122449.0 010 $a1-56518-154-9 035 $a000785373 035 $aFED01000785373 035 $a(Aleph)000785373FED01 035 $a000785373 100 $a20040202d2001----km-y0itay50------ba 101 0 $aeng 102 $aUS 105 $ay---a---001yy 200 1 $aSelf-realization [Brahmaanubhava]$ethe Advaitic perspective of Shankara$fedited by Vensus A. George 210 $aWashington$cThe Council for research in values and philosophy$d2001 215 $a242 p.$d23 cm 225 1 $aCultural heritage and contemporary change$hSeries 3.B$iSouth Asia$v4 225 1 $aIndian philosophical studies$v4 610 0 $aFilosofia indiana 676 $a181.482$v21$zita 702 1$aGeorge,$bVensus A. 801 0$aIT$bUNINA$gRICA$2UNIMARC 901 $aBK 912 $a990007853730403321 952 $a199.61 VENG 01$fFLFBC 959 $aFLFBC 996 $aSelf-Realization$9227804 997 $aUNINA